Data analytics using R / (Record no. 24341)

MARC details
000 -LEADER
fixed length control field 00509nam a22001817a 4500
020 ## - INTERNATIONAL STANDARD BOOK NUMBER
ISBN 9789385506987
041 ## - LANGUAGE CODE
Language code of text/sound track or separate title English
082 ## - DEWEY DECIMAL CLASSIFICATION NUMBER
Classification number 006.312
Item number KAM
100 ## - MAIN ENTRY--AUTHOR NAME
Author name Kamalakaran Rao, V.
245 ## - TITLE STATEMENT
Title Data analytics using R /
Statement of responsibility, etc V. Kamalakaran Rao
260 ## - PUBLICATION, DISTRIBUTION, ETC. (IMPRINT)
Place of publication Visakhapatnam :
Name of publisher Shree publishing house ,
Year of publication 2022.
300 ## - PHYSICAL DESCRIPTION
Number of Pages xi, 140 Pages :
Other physical details Illustrations ;
Dimensions 23 cm.
650 ## - SUBJECT ADDED ENTRY--TOPICAL TERM
Subject Data Analytics
650 ## - SUBJECT ADDED ENTRY--TOPICAL TERM
Subject Data Science
650 ## - SUBJECT ADDED ENTRY--TOPICAL TERM
Subject Computational Statistics
942 ## - ADDED ENTRY ELEMENTS (KOHA)
Source of classification or shelving scheme Dewey Decimal Classification
Koha item type Books
Holdings
Withdrawn status Lost status Source of classification or shelving scheme Damaged status Not for loan Home library Current library Shelving location Date acquired Source of acquisition Full call number Accession Number Price effective from Koha item type
    Dewey Decimal Classification     Institute of Public Enterprise, Library Institute of Public Enterprise, Library S Campus 05/04/2026 Gifted by D. Revanth (IPE Student) 006.312 KAM 51061 05/04/2026 Books

Maintained and Designed by
2cqr automation private limited, Chennai. All Rights Reserved.

You are Visitor Number

PHP Hits Count